000 01467cad a22002055a 4500
001 L152330
008 110222s2010 xxk f 000 0 eng d
035 _a(Sirsi) u152330
041 0 _aeng
110 2 _aUnited Kingdom
_bDepartment for Transport
_94866
240 _aDMRB
245 0 0 _aDesign manual for roads and bridges (DMRB)
_h[electronic resource]
260 _aRichmond
_bDepartment for Transport
_c2010
520 _aThe full text of all 15 volumes: introduction and general requirements; volume 1 highway structures: approval procedures and general dsign; volume 2 highway structures: design (substructures & special substructures), materials; volume 3 highway structures: inspection & maintenance; volume 4 geotechnics & drainage; volume 5 assessment & preparation of road schemes; volume 6 road geometry; volume 7 pavement design & maintenance; volume 8 traffic signs & lighting; volume 9 traffic control & communications; volume 10 environmental design; volume 11 environmental assessment; volume 12 traffic appraisal of road schemes; volume 13 economic assessment of road schemes; volume 14 economic assessment of road maintenance; volume 15 economic assessment of road schemes in Scotland.
590 _aKA NTK
651 4 _aUnited Kingdom
_y
690 _aBUILT ENVIRONMENT-CONSTRUCTION DESIGN
856 4 0 _uhttps://www.standardsforhighways.co.uk/dmrb/index.htm
_z View the website free of charge at www.standardsforhighways.co.uk
942 _n0
999 _c112001
_d112001